| 000 | 01207nam0a22002651 4500 | ||
|---|---|---|---|
| 001 | rc\4545342 | ||
| 005 | 20260408045252.0 | ||
| 021 |
_aRU _bРг2843-68 |
||
| 021 |
_aRU _b68-22064 |
||
| 035 | _a(NLR Aleph) 008362199 | ||
| 090 |
_a9005339 _c9005339 |
||
| 100 | _a20130416d1967 |||y0rusy50 ca | ||
| 101 | 0 | _arus | |
| 102 | _aRU | ||
| 105 | _aa z ||||| | ||
| 200 | 1 |
_aКиоск универсальный "Вешки"-3 _eМодель КУВ-3 _eПаспорт и инструкция по сборке, монтажу и эксплуатации _fРСФСР. М-во торговли. Специализир. трест «Торгмаш». Вешкин. опытно-произв. комбинат торг. оборудования. Конструкторский отд. |
|
| 210 |
_a[Москва] _cБ. и. _d1967 |
||
| 215 |
_a16 с. _cил. _d29 |
||
| 300 | _aОтпеч. множит. аппаратом | ||
| 712 | 0 | 2 |
_aВешкинский опытно-производственный комбинат торгового оборудования _3RU\NLR\AUTH\8810193936 _9277484 |
| 801 | 0 |
_aRU _bNLR _gpsbo |
|
| 801 | 1 |
_aRU _bELAR _2rusmarc |
|
| 852 |
_aNLR _j68-8/581 |
||
| 942 | _cBOOK | ||
| 980 | _aNB | ||